000 00805nam0a22002651 4500
001 rc\9261
005 20250620113038.0
010 _a5-212-00637-6
_95000
035 _a(NLR Aleph) 005298557
090 _a6265088
_c6265088
100 _a20021204d1991 |||y0rusy50 ca
101 0 _arus
102 _aRU
105 _ay |||||||||
200 1 _aФилософические и теологические опыты
_fАндрей Диакон
210 _aМ.
_cКнига
_d1991
215 _a251, [2] с.
_d21
300 _aИзд. на средства авт.
320 _aБиблиогр. в примеч. в конце разделов
700 0 _aАндрей
_cдьякон
801 0 _aRU
_bNLR
_gpsbo
801 1 _aRU
_bELAR
_2rusmarc
852 _aNLR
_j91-3/6228
942 _cBOOK
980 _aNB